000
00293nam a22001097a 4500
082
_a
530
_b
ARO/N
100
_a
S.L.ARORA
245
_a
NEW SIMPLIFIED PHYSICS
_b
A REFERENCE BOOK FOR CLASS XI VOLUME II
260
_a
DELHI
_b
DHANPAT RAI & CO
_c
2014
650
_a
PHYSICS FOR CLASSXI
_z
INDIA
942
_c
BK
999
_c
515
_d
515